000 00546cam a2200193 a 4500
999 _c3836
_d3836
001 6237
003 BD-DhUAP
005 20200312150510.0
008 200312s2001 ii a d 000 0 eng
020 _a8186062270
040 _aDLC
_cDLC
_dBD-DhUAP
_bEng
082 0 0 _223
_a423 CHA
245 0 0 _aChambers college dictionary.
260 _aNew Delhi :
_bAllied publishers private ltd,
_cc2001.
300 _aviii, 943 pages :
_billustrations ;
_c23 cm.
650 0 _aEnglish language
_vDictionaries.
710 _aAllied chambers.
942 _2ddc
_cREF